000 00603nam a22001937a 4500
005 20180904120355.0
010 _aENG-123951
020 _c595.00
_a9788129149091
035 _aEN-107483
037 _bDBAD/PUB
082 _a954.092
100 _aJaitly, Jaya
245 _aLife among the scorpions :
_cby Jaya Jaitly
_bmemoirs of a woman in indian politics /
260 _aNew Delhi
_bRupa Publications
_c2017
270 _a7/16, Ansari Road, Daryaganj,
_bNew Delhi
_e110002
300 _ax,308p
_c23cm.(Hb.)
500 _aIt includes index
942 _2ddc
_cEN
_mJAI
_h954.092
999 _c156802
_d156802